Raja Bulbul dan burung Kakatua / (رقم التسجيلة. 144309)

تفاصيل مارك
000 -LEADER
fixed length control field 00908cam a22002777a 4500
008 - FIXED-LENGTH DATA ELEMENTS--GENERAL INFORMATION
fixed length control field 160803s1996 io f000 1 ind
010 ## - LIBRARY OF CONGRESS CONTROL NUMBER
LC control number 2005406086
020 ## - INTERNATIONAL STANDARD BOOK NUMBER
International Standard Book Number 9796854805
040 ## - CATALOGING SOURCE
Original cataloging agency EG-GiCUC
Language of cataloging ind
Transcribing agency EG-GiCUC
092 04 - LOCALLY ASSIGNED DEWEY CALL NUMBER (OCLC)
Classification number 398.232598
Item number M943
Edition number 21
099 ## - LOCAL FREE-TEXT CALL NUMBER (OCLC)
Classification number 04
-- 398.232598 M943
100 1# - MAIN ENTRY--PERSONAL NAME
Personal name Muda, Hasyim Sri.
245 10 - TITLE STATEMENT
Title Raja Bulbul dan burung Kakatua /
Statement of responsibility, etc. editor, Dendy Sugono, Abdul Rozak Zaidan.
260 ## - PUBLICATION, DISTRIBUTION, ETC.
Place of publication, distribution, etc. Jakarta :
Name of publisher, distributor, etc. Pusat Bahasa, Departemen Pendidikan Nasional,
Date of publication, distribution, etc. 2005.
300 ## - PHYSICAL DESCRIPTION
Extent 65 p. ;
Dimensions 18 cm.
500 ## - GENERAL NOTE
General note Short stories.
650 #0 - SUBJECT ADDED ENTRY--TOPICAL TERM
Topical term or geographic name entry element Fairy tales
Geographic subdivision Indonesia.
650 #0 - SUBJECT ADDED ENTRY--TOPICAL TERM
Topical term or geographic name entry element Folklore
Geographic subdivision Indonesia.
650 #0 - SUBJECT ADDED ENTRY--TOPICAL TERM
Topical term or geographic name entry element Indonesian fiction
Chronological subdivision 20th century.
650 #0 - SUBJECT ADDED ENTRY--TOPICAL TERM
Topical term or geographic name entry element Short stories, Indonesian
Chronological subdivision 20th century.
902 ## - LOCAL DATA ELEMENT B, LDB (RLIN)
No. of Items 5
905 ## - LOCAL DATA ELEMENT E, LDE (RLIN)
Cataloger Eman
Reviser Rev.
905 ## - LOCAL DATA ELEMENT E, LDE (RLIN)
Cataloger Jamal
Reviser Cat.
942 ## - ADDED ENTRY ELEMENTS (KOHA)
Source of classification or shelving scheme Dewey Decimal Classification
Koha item type Books
المقتنيات
Source of classification or shelving scheme Not for loan Home library Current library Date acquired Full call number Barcode Date last seen Koha item type
Dewey Decimal Classification   المكتبة المركزبة الجديدة - جامعة القاهرة قاعة الثقاقات الاجنبية - الدور الثالث 11.02.2024 398.232598 M943 c.1 Ind. 01000110201299000 05.07.2024 Books
Dewey Decimal Classification   المكتبة المركزبة الجديدة - جامعة القاهرة قاعة الثقاقات الاجنبية - الدور الثالث 11.02.2024 398.232598 M943 c.2 Ind. 01000110201300000 05.07.2024 Books
Dewey Decimal Classification   المكتبة المركزبة الجديدة - جامعة القاهرة قاعة الثقاقات الاجنبية - الدور الثالث 11.02.2024 398.232598 M943 c.3 Ind. 01000110201301000 05.07.2024 Books
Dewey Decimal Classification   المكتبة المركزبة الجديدة - جامعة القاهرة قاعة الثقاقات الاجنبية - الدور الثالث 11.02.2024 398.232598 M943 c.4 Ind. 01000110201302000 05.07.2024 Books
Dewey Decimal Classification   المكتبة المركزبة الجديدة - جامعة القاهرة قاعة الثقاقات الاجنبية - الدور الثالث 11.02.2024 398.232598 M943 c.5 Ind. 01000110201303000 05.07.2024 Books
Cairo University Libraries Portal Implemented & Customized by: Eng. M. Mohamady Contacts: new-lib@cl.cu.edu.eg | cnul@cl.cu.edu.eg
CUCL logo CNUL logo
© All rights reserved — Cairo University Libraries
CUCL logo
Implemented & Customized by: Eng. M. Mohamady Contact: new-lib@cl.cu.edu.eg © All rights reserved — New Central Library
CNUL logo
Implemented & Customized by: Eng. M. Mohamady Contact: cnul@cl.cu.edu.eg © All rights reserved — Cairo National University Library